[Event "4NCL/Div2a/ANGA vs. SAMS"]
[Site "Staverton Park ENG"]
[Date "2010.03.27"]
[Round "7.8"]
[White "Sainbayar, Anuurai"]
[Black "Wallis, Ian J"]
[Result "0-1"]
[WhiteElo "1727"]
[BlackElo "1982"]
[PlyCount "100"]
[EventDate "2010.03.27"]
[SourceDate "2009.10.24"]

1. f4 f5 2. d3 Nf6 3. g3 d6 4. Bg2 e5 5. e4 Nc6 6. Nc3 exf4 7. Bxf4 Be7 8. Nh3
fxe4 9. Nxe4 Nxe4 10. dxe4 O-O 11. Qd5+ Kh8 12. O-O-O Bf6 13. Ng5 Qe8 14. a3 a5
15. h4 a4 16. Bf1 Ne7 17. Qd3 Ng6 18. Be2 Be5 19. Bxe5 Nxe5 20. Qc3 Qe7 21.
Rhf1 Bg4 22. Bxg4 Nxg4 23. Qd3 h6 24. Nh3 Qe5 25. Nf4 Kh7 26. h5 Rfe8 27. Rde1
c6 28. Qf3 Nh2 29. Qf2 Nxf1 30. Qxf1 d5 31. Nd3 Qg5+ 32. Qf4 Rxe4 33. Rxe4 dxe4
34. Qxg5 hxg5 35. Nc5 e3 36. Nxb7 Rf8 37. Kd1 Rf2 38. Nc5 Rd2+ 39. Kc1 Rg2 40.
Kd1 Kh6 41. Nxa4 Kxh5 42. Nc3 Rxg3 43. a4 Rg1+ 44. Ke2 Rg2+ 45. Kd3 Rd2+ 46.
Kxe3 Rxc2 47. Nd1 Rc4 48. b3 Rb4 49. Kd3 Rxb3+ 50. Kc4 Rb8 0-1

[Event "4NCL/Div2a/WRO2 vs. KHE"]
[Site "Staverton Park ENG"]
[Date "2010.03.27"]
[Round "7.1"]
[White "Chakravorty, Prasun"]
[Black "McMichael, Richard J"]
[Result "0-1"]
[WhiteElo "2242"]
[BlackElo "2286"]
[PlyCount "82"]
[EventDate "2010.03.27"]
[SourceDate "2009.10.24"]

1. e4 e6 2. d3 d5 3. Qe2 Be7 4. Nf3 Nf6 5. g3 b6 6. e5 Ng8 7. h4 Bb7 8. Bg2 c5
9. O-O Nc6 10. Na3 h6 11. c3 g5 12. h5 Qd7 13. Re1 O-O-O 14. Nc2 Bf8 15. Rb1
Nge7 16. b4 Nf5 17. g4 Nh4 18. Nxh4 gxh4 19. bxc5 Bxc5 20. Bf4 Rdg8 21. Bf3 Rh7
22. Kh2 Be7 23. Kh3 Bg5 24. Qd2 Rhg7 25. Na3 Ba6 26. Rbd1 Qe7 27. Nc2 Bb7 28.
Re2 f6 29. Bxg5 Rxg5 30. exf6 Qxf6 31. Ne1 Ne5 32. Rxe5 Qxe5 33. Be2 Qg7 34. f3
Rxh5 35. d4 Rg5 36. Nd3 h5 37. Ne5 hxg4+ 38. fxg4 Rxe5 39. dxe5 Qxe5 40. Rg1
Rf8 41. Bd1 Rf1 0-1

[Event "4NCL/Div2a/WRO2 vs. KHE"]
[Site "Staverton Park ENG"]
[Date "2010.03.27"]
[Round "7.2"]
[White "Whiteley, Andrew J"]
[Black "Adams, David M"]
[Result "1/2-1/2"]
[WhiteElo "2280"]
[BlackElo "2217"]
[PlyCount "63"]
[EventDate "2010.03.27"]
[SourceDate "2009.10.24"]

1. d4 d5 2. c4 c6 3. Nf3 Nf6 4. Nc3 dxc4 5. a4 Bf5 6. Ne5 Nbd7 7. Nxc4 Qc7 8.
g3 e5 9. dxe5 Nxe5 10. Bf4 Nfd7 11. Nxe5 Nxe5 12. Qd4 f6 13. Bg2 Be7 14. a5 a6
15. O-O O-O 16. Na4 Rad8 17. Qc3 Bd6 18. Be3 Qe7 19. Bb6 Rb8 20. Nc5 Nd7 21.
Nxd7 Bxd7 22. Rfd1 Be6 23. Qe3 Rfe8 24. Ra4 Bc7 25. Re4 Bxb6 26. Qxb6 Rbd8 27.
Rdd4 Rxd4 28. Rxd4 g6 29. h4 Kg7 30. Bf3 Qf7 31. Kg2 Re7 32. e3 1/2-1/2

[Event "4NCL/Div2a/WRO2 vs. KHE"]
[Site "Staverton Park ENG"]
[Date "2010.03.27"]
[Round "7.3"]
[White "Shaw, Peter"]
[Black "Kwiatkowski, Feliks J"]
[Result "1/2-1/2"]
[WhiteElo "2156"]
[BlackElo "2242"]
[PlyCount "55"]
[EventDate "2010.03.27"]
[SourceDate "2009.10.24"]

1. d4 Nf6 2. c4 e6 3. Nc3 Bb4 4. Qc2 O-O 5. a3 Bxc3+ 6. Qxc3 b6 7. Bg5 Bb7 8.
f3 h6 9. Bh4 d5 10. e3 Nbd7 11. cxd5 Nxd5 12. Bxd8 Nxc3 13. Bh4 Nd5 14. Bf2 c5
15. e4 Ne7 16. Bb5 Rfd8 17. Bxd7 Rxd7 18. dxc5 bxc5 19. Bxc5 Ng6 20. Nh3 Ne5
21. Nf2 Ba6 22. Rd1 Rad8 23. Rxd7 Rxd7 24. Bb4 Nc4 25. Nd1 Ne5 26. Nf2 Nc4 27.
Nd1 Ne5 28. Nf2 1/2-1/2

[Event "4NCL/Div2a/WRO2 vs. KHE"]
[Site "Staverton Park ENG"]
[Date "2010.03.27"]
[Round "7.4"]
[White "Wittmann, Jochen"]
[Black "Arnott, Jonathan W"]
[Result "1/2-1/2"]
[WhiteElo "2266"]
[BlackElo "2154"]
[PlyCount "34"]
[EventDate "2010.03.27"]
[SourceDate "2009.10.24"]

1. e4 e6 2. b3 d5 3. Bb2 dxe4 4. Nc3 Nf6 5. Qe2 Be7 6. Nxe4 Nxe4 7. Qxe4 Bf6 8.
d4 c5 9. Bb5+ Bd7 10. Bxd7+ Qxd7 11. O-O-O Nc6 12. Nf3 cxd4 13. Nxd4 O-O-O 14.
Nxc6 Bxb2+ 15. Kxb2 Qxc6 16. Qxc6+ bxc6 17. Kc3 Kc7 1/2-1/2

[Event "4NCL/Div2a/WRO2 vs. KHE"]
[Site "Staverton Park ENG"]
[Date "2010.03.27"]
[Round "7.5"]
[White "O'Driscoll, Keiran"]
[Black "Thomas, Rik H"]
[Result "1-0"]
[WhiteElo "2062"]
[BlackElo "2220"]
[PlyCount "125"]
[EventDate "2010.03.27"]
[SourceDate "2009.10.24"]

1. d4 g6 2. c4 Bg7 3. Nc3 d6 4. e4 Nc6 5. Be3 e5 6. d5 Nce7 7. g4 f5 8. gxf5
gxf5 9. Qh5+ Ng6 10. exf5 Qh4 11. Qf3 N6e7 12. Nb5 Kd8 13. Nxa7 Bxf5 14. Nb5
Be4 15. Qf7 Bxh1 16. Nxd6 cxd6 17. Bb6+ Kd7 18. Bh3+ Qxh3 19. Nxh3 Bf6 20. Qe6+
Ke8 21. Qxd6 Bf3 22. Qe6 h5 23. d6 Bg4 24. d7+ Kf8 25. Qd6 Bxh3 26. d8=Q+ Rxd8
27. Qxd8+ Kf7 28. O-O-O Nh6 29. Qd3 Be6 30. b3 Nhf5 31. Rg1 Nc6 32. Qe4 Nfe7
33. Bc5 Bf5 34. Qe3 Ng6 35. Qf3 Nf4 36. Be3 Bg4 37. Rxg4 hxg4 38. Qxg4 Ne6 39.
h3 Rh4 40. Qf3 e4 41. Qf5 Ne5 42. Kd1 Ke7 43. Bc1 Nd3 44. Ba3+ Kf7 45. f3 exf3
46. Qxf3 Rxh3 47. Qxb7+ Kg6 48. Qe4+ Kf7 49. Qd5 Ndf4 50. Qb7+ Kg6 51. Qe4+ Kf7
52. c5 Rd3+ 53. Kc1 Bg5 54. Qh7+ Ke8 55. Kb1 Rh3 56. Qg8+ Kd7 57. Qa8 Rc3 58.
Qb7+ Nc7 59. Bb4 Nfd5 60. Bxc3 Nxc3+ 61. Kc2 Nxa2 62. Qe4 Bf6 63. Qa4+ 1-0

[Event "4NCL/Div2a/WRO2 vs. KHE"]
[Site "Staverton Park ENG"]
[Date "2010.03.27"]
[Round "7.6"]
[White "Ward, Julian T"]
[Black "Lewyk, Ihor"]
[Result "1-0"]
[WhiteElo "2132"]
[BlackElo "2115"]
[PlyCount "97"]
[EventDate "2010.03.27"]
[SourceDate "2009.10.24"]

1. Nf3 c5 2. c4 Nc6 3. d4 cxd4 4. Nxd4 e5 5. Nc2 Be7 6. Nc3 Nf6 7. g3 d6 8. Bg2
O-O 9. O-O Be6 10. Ne3 Qd7 11. Ned5 Rfd8 12. Re1 Bg4 13. Nxe7+ Nxe7 14. Bg5
Rac8 15. b3 Ne8 16. Nd5 f6 17. Nxe7+ Qxe7 18. Be3 b6 19. a4 f5 20. a5 Rb8 21.
axb6 axb6 22. Ra6 Qc7 23. Qa1 Nf6 24. Ra7 Qc8 25. Bg5 Rd7 26. Bxf6 gxf6 27.
Bd5+ Kh8 28. Qa4 Rxa7 29. Qxa7 Bh5 30. b4 Qd8 31. b5 Be8 32. Ra1 Bd7 33. Ra6 h6
34. f4 e4 35. e3 Be8 36. Be6 Bg6 37. Kg2 Bh7 38. h4 Bg6 39. h5 Bxh5 40. Bxf5
Bf3+ 41. Kh3 Qg8 42. Rxb6 Rxb6 43. Qxb6 Qe8 44. g4 h5 45. Qxd6 Qf7 46. b6 hxg4+
47. Kg3 Be2 48. Qd8+ Kg7 49. Qc7 1-0

[Event "4NCL/Div2a/WRO2 vs. KHE"]
[Site "Staverton Park ENG"]
[Date "2010.03.27"]
[Round "7.7"]
[White "Weller, Jean-Luc"]
[Black "Stevenson, James AB"]
[Result "1-0"]
[WhiteElo "2122"]
[BlackElo "2097"]
[PlyCount "131"]
[EventDate "2010.03.27"]
[SourceDate "2009.10.24"]

1. d4 Nf6 2. Bg5 e6 3. e4 h6 4. Bxf6 Qxf6 5. Nc3 d6 6. Qd2 Nd7 7. f4 c6 8. Bc4
Qd8 9. O-O-O Be7 10. Nf3 d5 11. Bd3 dxe4 12. Nxe4 Qb6 13. g4 a5 14. f5 Nf6 15.
Qf4 Nd5 16. Qe5 f6 17. Qg3 Qc7 18. Rde1 Qxg3 19. Nxg3 Nf4 20. Bc4 exf5 21. Nxf5
Bxf5 22. gxf5 Kd7 23. Rhg1 Rh7 24. Re4 Bd6 25. Rg4 Nd5 26. h3 Re8 27. Rxe8 Kxe8
28. Bxd5 cxd5 29. Ng1 h5 30. Rg2 h4 31. Ne2 Kf7 32. Kd2 Rh5 33. Rf2 Rg5 34. Ke3
Bg3 35. Rf3 Ke7 36. b3 Kd6 37. c4 b6 38. Nc3 dxc4 39. Ne4+ Kd5 40. Nxg5 fxg5
41. bxc4+ Kxc4 42. Ke4 Bf4 43. d5 Bd6 44. f6 gxf6 45. Rxf6 Kc5 46. Rg6 b5 47.
Rxg5 b4 48. Rg8 a4 49. Rc8+ Kb5 50. Kd4 a3 51. Ra8 b3 52. axb3 Kb4 53. Ra6 Bc5+
54. Kd3 Kxb3 55. d6 Kb2 56. d7 Be7 57. Re6 a2 58. Rxe7 a1=Q 59. Re2+ Kb3 60.
d8=Q Qd1+ 61. Rd2 Qf3+ 62. Kd4 Qf4+ 63. Kc5 Qc4+ 64. Kb6 Qb4+ 65. Ka7 Qa4+ 66.
Kb7 1-0

[Event "4NCL/Div2a/WRO2 vs. KHE"]
[Site "Staverton Park ENG"]
[Date "2010.03.27"]
[Round "7.8"]
[White "Haria, Ravi"]
[Black "Webb, Matthew D"]
[Result "1-0"]
[WhiteElo "1863"]
[BlackElo "1999"]
[PlyCount "113"]
[EventDate "2010.03.27"]
[SourceDate "2009.10.24"]

1. e4 g6 2. d4 Bg7 3. Nc3 d6 4. Be3 a6 5. Qd2 Nd7 6. h4 h5 7. Nh3 b5 8. Ng5 Bb7
9. a4 b4 10. Na2 Ngf6 11. Qxb4 Bxe4 12. Bc4 Bd5 13. Bxd5 Nxd5 14. Qb3 e6 15.
O-O-O O-O 16. Qd3 c5 17. g4 N7f6 18. gxh5 Nxh5 19. dxc5 Nxe3 20. Qxe3 Qf6 21.
Nc3 d5 22. Nf3 Rfd8 23. Nd4 e5 24. Nde2 d4 25. Qg5 dxc3 26. Rxd8+ Qxd8 27.
Qxd8+ Rxd8 28. Nxc3 a5 29. Rd1 Rc8 30. Ne4 Bh6+ 31. Kb1 f5 32. Nd6 Rxc5 33. Nb7
Rc7 34. Nxa5 Nf6 35. b4 Ne4 36. Kb2 Bd2 37. Kb3 Rc3+ 38. Kb2 Rf3 39. Nc6 Rxf2
40. b5 Rg2 41. b6 Nc5 42. a5 Bxa5 43. Nxa5 Na4+ 44. Kb3 Nxb6 45. c4 Kf7 46. c5
Rg3+ 47. Kb4 Rg4+ 48. Kb5 Nc8 49. Nc6 Kf6 50. Rd8 Ne7 51. Rd6+ Kf7 52. Nxe5+
Kg7 53. Nxg4 fxg4 54. c6 Nxc6 55. Rxc6 Kh6 56. Rc5 g3 57. Rg5 1-0

[Event "4NCL/Div2a/AMCAD vs. WES1"]
[Site "Staverton Park ENG"]
[Date "2010.03.27"]
[Round "7.1"]
[White "Webb, Richard M"]
[Black "Simons, Martin J"]
[Result "1-0"]
[WhiteElo "2260"]
[BlackElo "2200"]
[PlyCount "39"]
[EventDate "2010.03.27"]
[SourceDate "2009.10.24"]

1. e4 Nc6 2. Nf3 d5 3. exd5 Qxd5 4. Nc3 Qh5 5. Be2 Bg4 6. h3 O-O-O 7. O-O Bxf3
8. Bxf3 Qc5 9. Re1 Nd4 10. d3 Nf6 11. Be3 e5 12. Bxd4 exd4 13. Ne4 Nxe4 14.
Bxe4 c6 15. Qf3 f6 16. c4 a5 17. a3 Qg5 18. Bxc6 bxc6 19. Qxc6+ Kb8 20. Qb6+
1-0

[Event "4NCL/Div2a/AMCAD vs. WES1"]
[Site "Staverton Park ENG"]
[Date "2010.03.27"]
[Round "7.2"]
[White "Kawuma, Steven Male"]
[Black "Richardson, Keith B"]
[Result "1-0"]
[WhiteElo "2202"]
[BlackElo "2168"]
[PlyCount "76"]
[EventDate "2010.03.27"]
[SourceDate "2009.10.24"]

1. e4 g6 2. d4 Bg7 3. Nc3 d6 4. f4 Nc6 5. Be3 Nf6 6. Nf3 O-O 7. Qd2 a6 8. O-O-O
b5 9. a3 b4 10. axb4 Nxb4 11. Bc4 c6 12. e5 Nfd5 13. exd6 exd6 14. Nxd5 Nxd5
15. h3 Rb8 16. Bxd5 cxd5 17. g4 Qb6 18. Qc3 Bd7 19. Qa3 Rfc8 20. Rd3 Rc4 21. b3
Rcc8 22. Qa1 h5 23. Rg1 hxg4 24. hxg4 a5 25. Rc3 a4 26. bxa4 Qa6 27. Nd2 Bxa4
28. Nb1 Qe2 29. Nd2 Bd7 30. f5 Rxc3 31. Qxc3 Rc8 32. Qb3 gxf5 33. g5 f4 34.
Bxf4 Bf5 35. c4 dxc4 36. Qc3 Qd3 37. Qxd3 cxd3+ 38. Kd1 Rc2 {Time} 1-0

[Event "4NCL/Div2a/AMCAD vs. WES1"]
[Site "Staverton Park ENG"]
[Date "2010.03.27"]
[Round "7.3"]
[White "Norman, Kenneth I"]
[Black "Lock, Gavin R"]
[Result "1/2-1/2"]
[WhiteElo "2174"]
[BlackElo "2188"]
[PlyCount "94"]
[EventDate "2010.03.27"]
[SourceDate "2009.10.24"]

1. Nf3 f5 2. g3 Nf6 3. Bg2 g6 4. O-O Bg7 5. c4 O-O 6. d4 d6 7. d5 a5 8. Nc3 Qe8
9. Nd4 Na6 10. Rb1 Bd7 11. b3 c6 12. Bb2 Nc7 13. e3 cxd5 14. cxd5 Qf7 15. Ne6
Nxe6 16. dxe6 Bxe6 17. Bxb7 Rab8 18. Bg2 g5 19. Qe2 Rfc8 20. Qa6 f4 21. exf4
gxf4 22. Qd3 Ng4 23. Be4 Qh5 24. h4 Ne5 25. Qd1 Qxd1 26. Rfxd1 Bg4 27. Rd2 fxg3
28. fxg3 Bh6 29. Rg2 Nf3+ 30. Kh1 Nd2 31. Re1 Nxe4 32. Rxe4 Bf3 33. Rxe7 Bg7
34. Re3 Bxg2+ 35. Kxg2 Re8 36. Rd3 Rbc8 37. Kf3 Rc7 38. Na4 Bxb2 39. Nxb2 Rf7+
40. Kg4 Re4+ 41. Kh3 Re2 42. Nc4 Rxa2 43. Rxd6 Rb7 44. Rd5 Rxb3 45. Nxa5 Re3
46. Nc4 Rc3 47. Nd6 Rca3 1/2-1/2

[Event "4NCL/Div2a/AMCAD vs. WES1"]
[Site "Staverton Park ENG"]
[Date "2010.03.27"]
[Round "7.4"]
[White "Neil, David R"]
[Black "Coates, Kenneth G"]
[Result "0-1"]
[WhiteElo "2157"]
[BlackElo "2220"]
[PlyCount "44"]
[EventDate "2010.03.27"]
[SourceDate "2009.10.24"]

1. e4 d5 2. exd5 Qxd5 3. Nc3 Qd6 4. d4 Nf6 5. Bc4 a6 6. Nge2 Qc6 7. Qd3 Qxg2 8.
Rg1 Qh3 9. Rg3 Qf5 10. Nf4 Qxd3 11. Nxd3 Bf5 12. Bg5 e6 13. d5 Bd6 14. Re3 Ng4
15. Re2 f6 16. Bh4 e5 17. f3 Nh6 18. O-O-O Nd7 19. f4 Bg4 20. fxe5 Bxe2 21. Re1
Nxe5 22. Rxe2 O-O-O 0-1

[Event "4NCL/Div2a/AMCAD vs. WES1"]
[Site "Staverton Park ENG"]
[Date "2010.03.27"]
[Round "7.5"]
[White "Purdon, Colin"]
[Black "Yeo, Michael J"]
[Result "1/2-1/2"]
[WhiteElo "2067"]
[BlackElo "2152"]
[PlyCount "104"]
[EventDate "2010.03.27"]
[SourceDate "2009.10.24"]

1. d4 Nf6 2. c4 g6 3. Nc3 d5 4. Bf4 Bg7 5. Nf3 O-O 6. Rc1 dxc4 7. e4 b5 8. Nxb5
Nxe4 9. Bxc7 Qd7 10. Bxc4 a6 11. Na3 Nc6 12. O-O Ra7 13. Ne5 Nxe5 14. Bxe5 Nd6
15. Bxg7 Kxg7 16. Bb3 a5 17. Nc4 Ba6 18. Re1 Nxc4 19. Bxc4 Rd8 20. Qe2 Bxc4 21.
Rxc4 Qd5 22. Rec1 Rad7 23. h3 f6 24. b3 Kf7 25. Qe3 Qg5 26. Qxg5 fxg5 27. Rc5
a4 28. Rxg5 Rxd4 29. Ra5 axb3 30. axb3 Rd1+ 31. Rxd1 Rxd1+ 32. Kh2 Rd2 33. f3
Rb2 34. Rb5 h5 35. h4 Kf6 36. f4 e6 37. Kg3 Rb1 38. Kf2 Rb2+ 39. Kf3 Rb1 40. g3
Rf1+ 41. Ke2 Rg1 42. Kf2 Rb1 43. b4 Rb2+ 44. Kf3 Rb3+ 45. Kg2 Rb2+ 46. Kh3 Rb1
47. Rb8 Rb2 48. b5 Kg7 49. b6 Kh7 50. b7 Kg7 51. Re8 Rxb7 52. Rxe6 Rb2 1/2-1/2

[Event "4NCL/Div2a/AMCAD vs. WES1"]
[Site "Staverton Park ENG"]
[Date "2010.03.27"]
[Round "7.6"]
[White "Clark, Ian C"]
[Black "Hart, David PO"]
[Result "1-0"]
[WhiteElo "2072"]
[BlackElo "2012"]
[PlyCount "70"]
[EventDate "2010.03.27"]
[SourceDate "2009.10.24"]

1. e4 c5 2. b4 cxb4 3. a3 d5 4. exd5 Qxd5 5. Nf3 Bg4 6. Be2 e6 7. O-O Nc6 8.
axb4 Bxb4 9. c3 Be7 10. Na3 Nf6 11. h3 Bh5 12. Nb5 Qd7 13. g4 Bg6 14. Nbd4 Nxd4
15. Nxd4 O-O 16. Qb3 Be4 17. d3 Bg6 18. Nf3 Bd6 19. d4 h5 20. Ne5 Bxe5 21. dxe5
Ne4 22. Be3 hxg4 23. hxg4 a6 24. Rfd1 Qc7 25. Bd4 Ng5 26. c4 Ne4 27. Qe3 Rac8
28. Bd3 Qc6 29. Kh2 Rfd8 30. f3 Rxd4 31. Qxd4 Ng5 32. Be2 Nxf3+ 33. Bxf3 Qxf3
34. Rf1 Qe2+ 35. Rf2 Rxc4 1-0

[Event "4NCL/Div2a/AMCAD vs. WES1"]
[Site "Staverton Park ENG"]
[Date "2010.03.27"]
[Round "7.7"]
[White "Sparkes, Daniel A"]
[Black "Marsh, Roger DW"]
[Result "1/2-1/2"]
[WhiteElo "2066"]
[BlackElo "2067"]
[PlyCount "98"]
[EventDate "2010.03.27"]
[SourceDate "2009.10.24"]

1. e4 c6 2. d4 d5 3. Nc3 dxe4 4. Nxe4 Nd7 5. Bc4 Ngf6 6. Ng5 e6 7. Ne2 Nb6 8.
Bb3 h6 9. Nf3 c5 10. c3 Be7 11. O-O O-O 12. Bf4 Nbd5 13. Be5 Nd7 14. Bg3 cxd4
15. Bxd5 exd5 16. Nexd4 Nf6 17. Qb3 Nh5 18. Rad1 Nxg3 19. hxg3 Bf6 20. Rfe1 b6
21. Nc6 Qc7 22. Nb4 Bb7 23. Nxd5 Bxd5 24. Rxd5 Rae8 25. Red1 Re2 26. Kf1 Re7
27. Nd4 Bxd4 28. R5xd4 Rfe8 29. R4d2 Qe5 30. Kg1 Qh5 31. Rf1 Re1 32. Rd1 R1e2
33. Rd5 Qg6 34. Rd7 Re1 35. Qc4 Rxf1+ 36. Qxf1 Qc2 37. Rxa7 Qxb2 38. Qc4 Re1+
39. Kh2 Qxf2 40. Ra8+ Kh7 41. Qd3+ g6 42. Qd4 Qxd4 43. cxd4 Rd1 44. Ra4 h5 45.
Rb4 Kg7 46. a4 Kf8 47. Rxb6 Rxd4 48. a5 Ra4 49. Ra6 Ra1 1/2-1/2

[Event "4NCL/Div2a/BRJ vs. BARY"]
[Site "Staverton Park ENG"]
[Date "2010.03.27"]
[Round "7.1"]
[White "Richmond, Peter A"]
[Black "Sands, David A"]
[Result "1-0"]
[WhiteElo "2247"]
[BlackElo "2252"]
[PlyCount "131"]
[EventDate "2010.03.27"]
[SourceDate "2009.10.24"]

1. e4 c5 2. Nf3 e6 3. b3 a6 4. Bb2 Nc6 5. d4 cxd4 6. Nxd4 Qf6 7. Be2 Bc5 8. c3
Nge7 9. O-O Ng6 10. b4 Ba7 11. b5 Nce7 12. Nd2 O-O 13. Qb3 d5 14. b6 Bb8 15. g3
e5 16. N4f3 Be6 17. exd5 Bxd5 18. c4 Bc6 19. Rad1 Bd6 20. Qc2 Bc5 21. Ne4 Qf5
22. Nfg5 Bxb6 23. g4 Bxe4 24. Nxe4 Qc8 25. c5 Bc7 26. Qb3 Nf4 27. Bf3 Neg6 28.
Nd6 Bxd6 29. cxd6 Qd7 30. Rfe1 Qd8 31. Bxe5 Qh4 32. Bxf4 Nxf4 33. Qe3 Ne6 34.
Bxb7 Qxg4+ 35. Qg3 Qxg3+ 36. hxg3 Ra7 37. Bc6 g6 38. Re5 Kg7 39. Ra5 Kf6 40.
Rd3 Rd8 41. Kg2 h5 42. Kf3 Rb8 43. Ke3 Rb6 44. Ba4 Ra8 45. Bb3 Rd8 46. Bc4
Rdxd6 47. Rxd6 Rxd6 48. Rxa6 Rxa6 49. Bxa6 g5 50. a4 Ke5 51. a5 Nc7 52. Be2
Nd5+ 53. Kf3 Ne7 54. a6 Nc6 55. Kg2 g4 56. Bc4 Kf6 57. Kf1 Kg6 58. Ke2 f5 59.
Ke3 Kg5 60. Bb5 Ne7 61. Kd4 Nc8 62. Bd7 Nb6 63. a7 f4 64. Bc6 fxg3 65. fxg3 h4
66. Kc5 1-0

[Event "4NCL/Div2a/BRJ vs. BARY"]
[Site "Staverton Park ENG"]
[Date "2010.03.27"]
[Round "7.2"]
[White "Ynojosa, Felix Jose"]
[Black "Padilla Cabero, Pablo"]
[Result "1-0"]
[WhiteElo "2165"]
[BlackElo "2142"]
[PlyCount "55"]
[EventDate "2010.03.27"]
[SourceDate "2009.10.24"]

1. e4 Nf6 2. e5 Nd5 3. d4 c5 4. c3 cxd4 5. cxd4 e6 6. Nc3 Nxc3 7. bxc3 Qc7 8.
Bd2 b6 9. f4 Bb7 10. Nf3 Be7 11. Bd3 d6 12. O-O Nd7 13. Qe2 O-O 14. Rae1 Rac8
15. Qf2 Bd5 16. Qg3 Bc4 17. Bxc4 Qxc4 18. f5 exf5 19. Bh6 g6 20. exd6 Bf6 21.
Bxf8 Kxf8 22. Re3 h6 23. Qf4 Kg7 24. g4 Rc5 25. Nd2 Qxa2 26. dxc5 Qxd2 27. c6
g5 28. Qf2 1-0

[Event "4NCL/Div2a/BRJ vs. BARY"]
[Site "Staverton Park ENG"]
[Date "2010.03.27"]
[Round "7.3"]
[White "Girdlestone, Paul C"]
[Black "Coleman, David J"]
[Result "1/2-1/2"]
[WhiteElo "2135"]
[BlackElo "2239"]
[PlyCount "100"]
[EventDate "2010.03.27"]
[SourceDate "2009.10.24"]

1. d4 Nf6 2. Nf3 e6 3. e3 b6 4. Nbd2 Bb7 5. Bd3 d6 6. O-O h6 7. a4 Nbd7 8. a5
c6 9. c4 c5 10. Qa4 Rc8 11. b4 Be7 12. axb6 axb6 13. Ba3 O-O 14. Rfb1 cxd4 15.
exd4 e5 16. Bf5 e4 17. Ne1 Re8 18. Nc2 g6 19. Bh3 Ra8 20. Qb3 Bf8 21. Bb2 Bg7
22. Ne3 Nf8 23. c5 N8h7 24. Ndc4 bxc5 25. bxc5 Rb8 26. Nxd6 Bd5 27. Qa4 Re7 28.
Bc3 Ng5 29. Ba5 Qf8 30. Rb6 Ra8 31. Nxd5 Nxd5 32. Rb7 Rxb7 33. Nxb7 Nxh3+ 34.
gxh3 Qc8 35. Qb3 Qc6 36. Nd8 Rxd8 37. Bxd8 Kh7 38. Ra7 Qe6 39. Ra3 Qf5 40. Qg3
Bxd4 41. c6 Nf4 42. Re3 Bxe3 43. Qxe3 Nxh3+ 44. Kf1 Nf4 45. Qb3 Nd3 46. Bb6
Qh3+ 47. Kg1 Qg4+ 48. Kf1 Qf3 49. Kg1 Qg4+ 50. Kf1 Qh3+ 1/2-1/2

[Event "4NCL/Div2a/BRJ vs. BARY"]
[Site "Staverton Park ENG"]
[Date "2010.03.27"]
[Round "7.4"]
[White "Sen, Subin"]
[Black "Hall, Daniel J"]
[Result "1/2-1/2"]
[WhiteElo "2117"]
[BlackElo "2138"]
[PlyCount "88"]
[EventDate "2010.03.27"]
[SourceDate "2009.10.24"]

1. Nf3 e6 2. c4 Nf6 3. g3 b6 4. Bg2 Bb7 5. O-O Be7 6. Nc3 O-O 7. d4 Ne4 8. Nxe4
Bxe4 9. d5 f5 10. Nd2 Bxg2 11. Kxg2 Bf6 12. e4 exd5 13. exd5 d6 14. Nf3 Nd7 15.
Qc2 Nc5 16. Be3 Qe8 17. Bxc5 bxc5 18. Rae1 Qh5 19. Re6 Rab8 20. b3 a5 21. Qd3
Ra8 22. a4 Rab8 23. Nd2 f4 24. f3 Be5 25. Re1 Rf7 26. Ne4 Rbf8 27. g4 Qh4 28.
Re2 h5 29. Rg6 hxg4 30. Rxg4 Qxg4+ 31. fxg4 f3+ 32. Kf1 fxe2+ 33. Kxe2 Bf4 34.
Ng3 Re8+ 35. Kd1 Re3 36. Qg6 Bxg3 37. hxg3 Rxb3 38. Qe6 Rbf3 39. g5 Rf1+ 40.
Ke2 R1f2+ 41. Ke1 R2f5 42. g6 Re5+ 43. Qxe5 dxe5 44. gxf7+ Kxf7 1/2-1/2

[Event "4NCL/Div2a/BRJ vs. BARY"]
[Site "Staverton Park ENG"]
[Date "2010.03.27"]
[Round "7.5"]
[White "Richmond, Jane"]
[Black "O'Toole, George E"]
[Result "0-1"]
[WhiteElo "2118"]
[BlackElo "2150"]
[PlyCount "84"]
[EventDate "2010.03.27"]
[SourceDate "2009.10.24"]

1. e4 e5 2. Nf3 Nc6 3. Bb5 a6 4. Ba4 Nf6 5. O-O Be7 6. Re1 b5 7. Bb3 O-O 8. h3
Bb7 9. c3 d5 10. d3 dxe4 11. dxe4 Na5 12. Qxd8 Raxd8 13. Bc2 Rfe8 14. Nbd2 Nd7
15. b4 Nc6 16. a4 Nb6 17. a5 Nc8 18. Nf1 Nd6 19. Be3 Nb8 20. N1d2 Nd7 21. Rad1
Bf8 22. Nh2 f6 23. Nhf1 Rc8 24. Nb3 Red8 25. Ng3 Nc4 26. Nf5 g6 27. Nh6+ Kg7
28. Ng4 Nxe3 29. Nxe3 c5 30. bxc5 Nxc5 31. Nxc5 Bxc5 32. Nd5 Rd6 33. Rd3 f5 34.
Nb6 Rxd3 35. Bxd3 Rd8 36. Rd1 fxe4 37. Be2 Rxd1+ 38. Bxd1 Bxb6 39. axb6 Kf6 40.
f3 exf3 41. gxf3 Ke7 42. Kf2 Kd6 0-1

[Event "4NCL/Div2a/BRJ vs. BARY"]
[Site "Staverton Park ENG"]
[Date "2010.03.27"]
[Round "7.6"]
[White "Cumming, Rhys"]
[Black "Rabbitt, Michael"]
[Result "0-1"]
[WhiteElo "1955"]
[BlackElo "2074"]
[PlyCount "110"]
[EventDate "2010.03.27"]
[SourceDate "2009.10.24"]

1. e4 e5 2. Nf3 Nc6 3. Bb5 f5 4. Nc3 Nf6 5. Qe2 d6 6. d4 Qe7 7. d5 a6 8. Ba4 b5
9. Bxb5 axb5 10. Qxb5 Bd7 11. dxc6 Bc8 12. Bg5 h6 13. Bxf6 gxf6 14. exf5 Bxf5
15. O-O-O Bg7 16. Qb3 Be6 17. Nd5 Kf7 18. c4 Qd8 19. a3 Ra7 20. Qc2 f5 21. h4
Qa8 22. Nb4 Rb8 23. Qb3 Ra6 24. Nd2 Rxc6 25. Qf3 Rxb4 26. axb4 e4 27. Qa3 Ra6
28. Qb3 Ra2 29. Kc2 Rxb2+ 30. Qxb2 Bxb2 31. Kxb2 Qa7 32. Rhf1 Qd4+ 33. Kb3 Qd3+
34. Ka4 Qc2+ 35. Ka3 d5 36. Nb3 dxc4 37. Nd4 Qc3+ 38. Ka4 c5 39. bxc5 Bc8 40.
Kb5 Qb2+ 41. Kxc4 Ba6+ 42. Kd5 Bxf1 43. Rxf1 Qa2+ 44. Ke5 Qc4 45. Rd1 Qxc5+ 46.
Kf4 Kf6 47. g3 Qc7+ 48. Ke3 Ke5 49. Ke2 Qc4+ 50. Ke3 Qc3+ 51. Ke2 f4 52. gxf4+
Kxf4 53. Kf1 Kg4 54. Ne2 Qf3 55. Re1 e3 0-1

[Event "4NCL/Div2a/BRJ vs. BARY"]
[Site "Staverton Park ENG"]
[Date "2010.03.27"]
[Round "7.7"]
[White "Headlong, Fenella"]
[Black "Stewart, Ashley"]
[Result "1/2-1/2"]
[WhiteElo "1906"]
[BlackElo "2026"]
[PlyCount "51"]
[EventDate "2010.03.27"]
[SourceDate "2009.10.24"]

1. e4 c5 2. c3 g6 3. d4 cxd4 4. cxd4 d5 5. exd5 Nf6 6. Nc3 Bg7 7. Bc4 O-O 8.
Nf3 a6 9. a4 b6 10. Bg5 Bb7 11. Bxf6 Bxf6 12. O-O Nd7 13. Re1 Bg7 14. Qb3 Nf6
15. Ne5 Qd6 16. Rad1 Rac8 17. Re3 Rfd8 18. Nc6 Rd7 19. Ne4 Nxe4 20. Rxe4 Bf6
21. Qxb6 Bxc6 22. dxc6 Qxc6 23. Qxc6 Rxc6 24. b3 Rcd6 25. Kf1 a5 26. Rf4
1/2-1/2

[Event "4NCL/Div2a/BRJ vs. BARY"]
[Site "Staverton Park ENG"]
[Date "2010.03.27"]
[Round "7.8"]
[White "Sanders, Isaac B"]
[Black "Hall, Joshua DW"]
[Result "0-1"]
[WhiteElo "1922"]
[BlackElo "1939"]
[PlyCount "54"]
[EventDate "2010.03.27"]
[SourceDate "2009.10.24"]

1. d4 Nf6 2. Nf3 g6 3. b4 Bg7 4. Bb2 O-O 5. Nbd2 d5 6. e3 Qd6 7. a3 a5 8. bxa5
c5 9. dxc5 Qxc5 10. Nb3 Qc7 11. Rc1 Nc6 12. c4 Rd8 13. Bd4 Nxd4 14. Nfxd4 Qd6
15. c5 Qe5 16. c6 Ne4 17. Be2 Qf6 18. O-O e5 19. cxb7 Bxb7 20. Nb5 Qg5 21. Bf3
d4 22. exd4 exd4 23. Qd3 f5 24. Rc7 Bd5 25. N5xd4 Be5 26. Bxe4 fxe4 27. Qh3
Bxc7 0-1

[Event "4NCL/Div2b/PPA2 vs. BRI1"]
[Site "Sunningdale ENG"]
[Date "2009.10.24"]
[Round "1.5"]
[White "Bailey, Kevin J"]
[Black "Pugh, Derek C"]
[Result "1-0"]
[WhiteElo "2083"]
[BlackElo "2122"]
[PlyCount "67"]
[EventDate "2009.10.24"]
[EventRounds "11"]
[EventCountry "ENG"]
[SourceDate "2009.10.24"]

1. d4 d5 2. c4 Nc6 3. Nc3 Nf6 4. Nf3 dxc4 5. Bg5 Nd5 6. e4 Nb6 7. d5 Na5 8. b4
cxb3 9. axb3 c6 10. Rxa5 Nxd5 11. Qa1 Nb4 12. Qa4 Nc2+ 13. Ke2 Bg4 14. Rd5 Qb6
15. Rd2 h6 16. Nd5 Qd8 17. Nf6+ exf6 18. Rxd8+ Rxd8 19. Be3 Nxe3 20. fxe3 Bc5
21. Qc4 Bb6 22. h3 Be6 23. Qc3 O-O 24. Kf2 Rd1 25. Rg1 f5 26. exf5 Bxf5 27. Nd4
Bxd4 28. exd4 Rd8 29. Qf3 Bc2 30. Bc4 Rd2+ 31. Kg3 R2xd4 32. Qxf7+ Kh8 33. Re1
Bxb3 34. Bxb3 1-0